000 00523nam a2200193Ia 4500
005 20250508152857.0
008 008 250505s9999 xx 000 0 eng d
037 _aTextual
040 _aFEDL
_beng
_cFEDL
041 _aeng
_2eng
084 _a332.4, SCH
_qFEDL
100 _aSchneider Erich
245 0 _aMoney, income and employment
260 _aLondon, UK
_bGeorge Allen and Unwin Ltd.
_c1962
300 _a290p.
650 _aEconomics
942 _cTEXL
_h332.4, SCH
999 _c1339353
_d1339353